Evaluación de riesgos laborales en el área de pre industria en la empresa PLASENCIA CIGARS S.A basado en la ley 618: Ley General de Higiene y Seguridad del Trabajo
El presente trabajo monográfico presenta el desarrollo de una evaluación de riesgos laborales basado en la ley 618: Ley General de Higiene y Seguridad del Trabajo en el cual se identificaron los puntos críticos, la estimación de los riesgos asociados y la propuesta de recomendaciones que contrib...
| Main Authors: | , , |
|---|---|
| Other Authors: | |
| Format: | Tesis Section = Libro |
| Language: | Undetermined Spanish |
| Published: |
Managua
UNI/RUACS
2017
|
| Subjects: |
| LEADER | 01367nam a2200277Ia 4500 | ||
|---|---|---|---|
| 008 | 240830s9999 xx 000 0 und d | ||
| 040 | |a BIBLIOTECA-RUPAP Mon 363.11 R696 | ||
| 041 | |a spa | ||
| 082 | |a Mon 363.11 R696 | ||
| 100 | 1 | |a Rodríguez Acuña, Johely María | |
| 100 | 1 | |b Zeledón Rodríguez, Elena Lucia | |
| 100 | 1 | |c Rodríguez Romero, Nilton Josué | |
| 245 | 1 | 0 | |a Evaluación de riesgos laborales en el área de pre industria en la empresa PLASENCIA CIGARS S.A basado en la ley 618: Ley General de Higiene y Seguridad del Trabajo |
| 260 | |a Managua |b UNI/RUACS |c 2017 | ||
| 300 | |a 129 p. :il. | ||
| 500 | |a Contiene anexos y CD | ||
| 502 | |a Tesis (Ingeniero Industrial)- UNI, 2017. | ||
| 520 | 3 | |a El presente trabajo monográfico presenta el desarrollo de una evaluación de riesgos laborales basado en la ley 618: Ley General de Higiene y Seguridad del Trabajo en el cual se identificaron los puntos críticos, la estimación de los riesgos asociados y la propuesta de recomendaciones que contribuyan a la disminución de los riesgos en los puestos de trabajo | |
| 650 | 7 | |a EVALUACION DE RIESGOS LABORALES | |
| 650 | 7 | |b LEY DE HIGIENE Y SEGURIDAD LABORAL | |
| 650 | 7 | |c MAPA DE RIESGOS | |
| 650 | 7 | |d PREVENCION DE ACCIDENTES | |
| 700 | 1 | |a Tutor: |b Cáceres Antón,, Juan Agustín | |
| 942 | |c BK |2 ddc | ||
| 991 | |a TESIS | ||
| 999 | |c 15495 | ||